000 00634nam a2200241 a 4500
999 _c8894
_d8894
001 8894
003 BD-JhCC
005 20180305133919.0
008 171217s1995 ii a|||| ||aa 000 0 eng d
020 _a812190627X
035 _a(BD-JhCC)8894
040 _aBD-JhCC
_dBD-JhCC
041 _aeng
082 _a581.1
_bVER 1995
100 _aVerma, S.K.
245 _aA Textbook of Plant Physiology and Biochemistry /
_cS.K. Verma
260 _aDelhi :
_bS, Chand & Company Ltd,
_c1995.
300 _aVerius p. :
_c24 cm.
650 _aPlant Psysiology
650 _aBiochemistry
942 _2ddc
_cBK